Quiz o Sherlocku Holmsie - Statystyki

Ogólne statystyki
  • Ten quiz został rozwiązany 18 razy
  • Średni wynik to 9 z 20
Statystyki odpowiedzi
Pytanie Odpowiedź % Poprawnych
Miasto, w którym Sherlock Holmes żył Londyn
100%
Ulica na której żył Baker
88%
Jego brat {Mycroft} Holmes
69%
Autor, który stworzył Sherlocka Holmsa Arthur Conan Doyle
63%
Słowo zaczynające się na D, oznaczające „dojść do wniosku przez zastosowanie reguł logiki do danych przesłanek” Dedukcja
63%
Jego odwieczny wróg Professor James Moriarty
63%
Amerykański lekarz telewizyjny wzorowany na Sherlocku Holmesie Dr. Gregory House
56%
Uzupełnij luki w tytułach tych powieści o Sherlocku Holmesie {Pies} Baskerville’ów
56%
Agencja, dla której pracuje inspektor Lestrade {Scotland} Yard
56%
Aktor grający rolę Sherlocka w niedawnym serialu telewizyjnym BBC Benedict Cumberbatch
50%
Romantyczne zainteresowanie Sherlocka pojawia się w „Skandalu w Czechach” {Irene} Adler
38%
Narkotyk, który Sherlock wstrzykuje, to 7% roztwór Kokaina
38%
Cytat Sherlocka: Kiedy wyeliminuje się wszystko co _______, cokolwiek pozostanie, nawet najbardziej nieprawdopodobne, musi być prawdą Niemożliwe
38%
Aktor, który zagrał rolę Sherlocka w niedawnej serii filmów hollywoodzkich Robert Downey Jr.
38%
Uzupełnij luki w tytułach tych powieści o Sherlocku Holmesie Studium w {szkarłacie}
38%
Słowo, którego używa, oznaczające „oczywisty” lub „podstawowy” Elementarny
31%
Instrument muzyczny na którym grał Wiolonczela
25%
Jego wierny pomocnik Doktor John Watson
19%
Jego gospodyni Pani Hudson
19%
Rodzaj kapelusza, który nosi {Deer}stalker
0%
Nie znaleziono quizów pasujących do podanych kryteriów
Rozkład punktacji
Procent ludzi z każdym wynikiem
Percentyl według liczby udzielonych odpowiedzi
Twoja historia wyników
Nie rozwiązałeś tego quizu